Statistics for Biggest Cities in Land-Locked Countries on a Map

Click here to take the quiz!

General Stats

  • This quiz has been taken 186 times
  • The average score is 19 of 21

Answers on the Map

Answers color-coded by a green-red scale on the quiz's map according to % correct below.
 

Answer Stats

Pop.City% Correct
2.25 milVienna
97%
2.62 milBudapest
96%
2.12 milLa Paz
96%
2.00 milMinsk
96%
1.44 milPrague
95%
1.55 milBelgrade
94%
3.80 milAddis Abeba
93%
2.57 milBaku
93%
4.32 milKabul
93%
3.12 milKathmandu
93%
2.35 milAsunción
89%
2.05 milHarare
89%
3.52 milKampala
88%
1.50 milYerevan
88%
3.22 milTashkent
85%
1.90 milBishkek
82%
2.67 milLusaka
82%
2.10 milAlmaty
81%
3.52 milBamako
81%
2.62 milOuagadougou
79%
2.15 milSanta Cruz
64%

Score Distribution

Percentile by Number Answered

Percent of People with Each Score

Your Score History

You have not taken this quiz